Cricket World Cup Finalists - Statistics

General Stats
  • This quiz has been taken 36 times
  • The average score is 37 of 48
Answer Stats
Tournament Answer % Correct
ODI World Cup 1975 West Indies
96%
ODI World Cup 1979 West Indies
92%
ODI World Cup 1987 Australia
88%
ODI World Cup 1983 India
88%
ODI World Cup 1999 Australia
85%
ODI World Cup 2003 Australia
85%
ODI World Cup 2007 Australia
85%
ODI World Cup 2015 Australia
85%
T20 World Cup 2021 Australia
85%
World Test Championship 2023 Australia
85%
ODI World Cup 2023 Australia
85%
ODI World Cup 1992 Pakistan
85%
ODI World Cup 2019 England
81%
T20 World Cup 2022 England
81%
T20 World Cup 2007 India
81%
ODI World Cup 2011 India
81%
T20 World Cup 2024 India
81%
World Test Championship 2021 New Zealand
81%
ODI World Cup 1996 Sri Lanka
81%
ODI World Cup 1975 Australia
77%
T20 World Cup 2010 England
77%
ODI World Cup 1979 England
77%
ODI World Cup 1992 England
77%
ODI World Cup 2023 India
77%
ODI World Cup 2015 New Zealand
77%
ODI World Cup 2019 New Zealand
77%
T20 World Cup 2009 Pakistan
77%
T20 World Cup 2014 Sri Lanka
77%
T20 World Cup 2016 West Indies
77%
ODI World Cup 1996 Australia
73%
ODI World Cup 1987 England
73%
ODI World Cup 2003 India
73%
World Test Championship 2021 India
73%
World Test Championship 2023 India
73%
T20 World Cup 2021 New Zealand
73%
T20 World Cup 2024 South Africa
73%
ODI World Cup 1983 West Indies
73%
T20 World Cup 2016 England
69%
T20 World Cup 2022 Pakistan
69%
ODI World Cup 2007 Sri Lanka
69%
T20 World Cup 2012 West Indies
69%
T20 World Cup 2014 India
65%
ODI World Cup 1999 Pakistan
65%
T20 World Cup 2007 Pakistan
65%
ODI World Cup 2011 Sri Lanka
65%
T20 World Cup 2010 Australia
58%
T20 World Cup 2009 Sri Lanka
54%
T20 World Cup 2012 Sri Lanka
54%
No matching quizzes found
Score Distribution
Percent of People with Each Score
Percentile by Number Answered
Your Score History
You have not taken this quiz